Statistics for Fast Typing A-Z Quiz

Click here to take the quiz!

General Stats

  • This quiz has been taken 38 times
  • The average score is 20 of 26

Answer Stats

Letter% Correct
A
100%
C
92%
D
92%
E
92%
F
92%
B
92%
G
83%
H
83%
I
83%
J
83%
K
83%
Q
75%
S
75%
R
75%
N
75%
P
75%
O
75%
M
75%
L
75%
T
67%
U
58%
V
58%
W
58%
X
58%
Y
58%
Z
58%

Score Distribution

Percentile by Number Answered

Percent of People with Each Score

Your Score History

You have not taken this quiz